Hospodářství národních výborů a jejich spolupráce s ROH /

Hlavní autor: Blecha, Václav
Jazyk: Čeština
Vydáno: Praha : Práce, 1976
Vydání: 1. vyd.
Edice: Příruční knihovna ROH
Externí odkaz: Digitalizovaný dokument
Fyzický popis: 213 s.
Knihy
Uloženo v:
LEADER 01142nam a22003012a 4500
001 001215468
003 CZ BrMZK
005 20121029163845.0
007 ta
008 120522s1976 xr er|||||||||||cze d
015 |a cnb000196987 
035 |a (OCoLC)4614053 
040 |a ABA001  |b cze  |c KLG001  |d ABA001  |d BOA001 
080 9 |a 352.075.2:331.881(437) 
100 1 |a Blecha, Václav  |7 jk01012366  |4 aut 
245 1 0 |a Hospodářství národních výborů a jejich spolupráce s ROH /  |c Václav Blecha a kol. 
250 |a 1. vyd. 
260 |a Praha :  |b Práce,  |c 1976 
300 |a 213 s. 
490 1 |a Příruční knihovna ROH 
500 |a Dostupné též v digitální podobě v aplikaci Kramerius 
830 0 |a Příruční knihovna ROH  |0 s 
856 4 1 |u http://www.digitalniknihovna.cz/mzk/uuid/uuid:bb41c550-92af-11e5-ac67-005056827e51  |y Digitalizovaný dokument  |x NDK 
910 |a BOA001  |b 2-0762.441 
990 |a BK 
991 |b 201205 
996 6 |b 2619523211  |c 2-0762.441  |l MZK  |r Sklad / do 1 hodiny  |n 0  |w 001249029  |u 000020  |a 1  |e BOA001  |j MZK50  |s P 
996 7 |b 2619523212  |c 2-0762.441  |l MZK  |r Sklad / do 1 hodiny  |n 0  |w 001249029  |u 000010  |a 1  |e BOA001  |j MZK50  |s A